Csütörtökön délelőtt temetik Bokor Adolfot
Elmentve itt :
| Dokumentumtípus: | Cikk |
|---|---|
| Megjelent: |
1932-03-10
|
| Sorozat: | Délmagyarország
8 No. 57 |
| Kulcsszavak: | Bokor Adolf, Temetés |
| Online Access: | http://dmarchiv.bibl.u-szeged.hu/39265 |
| LEADER | 00423nab a2200145 i 4500 | ||
|---|---|---|---|
| 001 | delm39265 | ||
| 005 | 20180927130054.0 | ||
| 008 | 180927s1932 hu o 0|| hun d | ||
| 040 | |a SZTE Délmagyarország Archívum |b hun | ||
| 041 | |a hun | ||
| 245 | 0 | 0 | |a Csütörtökön délelőtt temetik Bokor Adolfot |h [elektronikus dokumentum] |
| 260 | |c 1932-03-10 | ||
| 300 | |a 3 | ||
| 490 | 0 | |a Délmagyarország |v 8 No. 57 | |
| 695 | |a Bokor Adolf, Temetés | ||